<The> Central Economic Library Bratislava Guide

Guardado en:
Detalles Bibliográficos
Formato: Libro
Lenguaje:inglés
Publicado: Bratislava Central Economic Library 1979
Edición:1. ed.
Etiquetas: Agregar Etiqueta
Sin Etiquetas, Sea el primero en etiquetar este registro!

MARC

LEADER 00000nam a2200000 4500
001 c031234
005 20221220101448.5
041 0 |a eng 
044 |a SK 
245 1 0 |a <The> Central Economic Library Bratislava  |b Guide 
250 |a 1. ed. 
264 1 |a Bratislava  |b Central Economic Library  |c 1979 
300 |a Nestr.